Polscy seryjni mordercy - Statystyki

Ogólne statystyki
  • Ten quiz został rozwiązany 277 razy
  • Średni wynik to 4 z 22
Statystyki odpowiedzi
Liczba ofiar Odpowiedź % Poprawnych
4 Mariusz Trynkiewicz
77%
2 Karol Kot
45%
14 Zdzisław Marchwicki
44%
3 Edmund Kolanowski
34%
5 Joachim Knychała
33%
4 Bogdan Arnold
29%
9 Paweł Tuchlin
29%
6 Władysław Mazurkiewicz
19%
3 Kazimierz Polus
16%
7 Henryk Moruś
13%
7 Stanisław Modzelewski
13%
5 Tadeusz Kwaśniak
12%
4 Mieczysław Zub
11%
4 Henryk Kukuła
10%
7 Tadeusz Ensztajn
10%
7 Morderca gejów z Łodzi
9%
4 Władysław Baczyński
9%
4 Mariusz Sowiński
8%
13 Tillie Klimek
8%
5 Krzysztof Gawlik
7%
4 Nikifor Maruszeczko
6%
3 Grzegorz Musiatowicz
5%
Nie znaleziono quizów pasujących do podanych kryteriów
Rozkład punktacji
Procent ludzi z każdym wynikiem
Percentyl według liczby udzielonych odpowiedzi
Twoja historia wyników
Nie rozwiązałeś tego quizu